[Event "Wilhelm Werner Memorial-H 31st"]
[Site "Bockenem"]
[Date "2006.05.25"]
[Round "3"]
[White "Toedter, Carsten"]
[Black "Seehawer, Ralf"]
[Result "1-0"]
[WhiteElo "1922"]
[BlackElo "1769"]
[PlyCount "71"]
[EventDate "2006.05.??"]
[EventType "swiss"]
[EventRounds "7"]
[EventCountry "GER"]
[SourceTitle "EXT 2008"]
[Source "ChessBase"]
[SourceDate "2007.11.25"]
[SourceVersion "1"]
[SourceVersionDate "2007.11.25"]
[SourceQuality "1"]

1. d4 d5 2. c4 e6 3. Nc3 Nf6 4. Bg5 Be7 5. e3 0-0 6. Nf3 c6 7. Qc2 Nbd7 8. Rd1 b6 9. Bd3 Bb7 10. 0-0 dxc4 11. Bxc4 Nd5 12. Bxe7 Qxe7 13. e4 Nb4 14. Qe2 b5 15. Bb3 Nb6 16. a3 Na6 17. e5 b4 18. Ne4 c5 19. Nd6 Bxf3 20. gxf3 Nc7 21. dxc5 Nbd5 22. Qe4 f5 23. exf6 Qxf6 24. Bc2 g6 25. Qg4 bxa3 26. bxa3 Nf4 27. Ne4 Qe7 28. Kh1 Ncd5 29. Rfe1 Qg7 30. Ng5 h5 31. Qg3 Qc3 32. Be4 Rad8 33. Nxe6 Nf6 34. Nxf4 Nxe4 35. fxe4 Qxg3 36. fxg3 1-0